000
00344 a2200157 4500
001
194462
020
_a
85-363-0066-3
040
_c
Magnum
100
_a
Arguís, Ricardo...[ et al. ]
240
1
0
_a
Tutoria
_l
por
245
1
0
_a
Tutoria
300
_a
149
362
0
_a
2002
697
_a
EDUCAÇÃO EM GERAL E DISCIPLINAS AFINS
942
_c
BK
999
_c
194462
_d
194462